Mestská pamiatková rezervácia Bratislava v minulosti a dnes

Gespeichert in:
Bibliographische Detailangaben
Format: Buch
Sprache:Slowakisch
Veröffentlicht: Bratislava : MSPS, 1987
Ausgabe:1. vyd.
Schlagworte:
Tags: Tag hinzufügen
Keine Tags, Fügen Sie das erste Tag hinzu!

MARC

LEADER 00000nam a22000003a 4500
001 stu13619
005 20150408181718.4
008 960709s1987----cs------------------slo-d
040 |a STU  |b slo 
041 0 |a slo 
044 |a cs 
245 |a Mestská pamiatková rezervácia Bratislava v minulosti a dnes 
250 |a 1. vyd. 
260 |a Bratislava :  |b MSPS,  |c 1987 
300 |a nestr 
650 7 |a Bratislava  |2 stusub 
996 |b 284AU02197  |c A*2030 U  |l AAKNAR  |s A  |a 24  |w stu13619_0001